| 000 | 01090nam a2200301 i 4500 | ||
|---|---|---|---|
| 003 | EG-GICUC | ||
| 005 | 20260121101415.0 | ||
| 008 | 251202s1956 ua ||||fr|||| 00| 0 ara d | ||
| 040 |
_a EG-GICUC _bara _c EG-GICUC _d EG-GICUC _erda |
||
| 041 | 0 | _aara | |
| 082 | 0 | 4 |
_221 _a343.3 _bم ح . ش |
| 092 | 0 | 4 | _221 |
| 099 | _aLaw1 10 343.3 م ح . ش 4 ed - 1956 | ||
| 100 | 0 |
_aمحمود محمود مصطفى _eمؤلف. |
|
| 245 | 1 | 0 |
_aشرح قانون أجراءات الجنائية / _cمحمود محمود مصطفى. |
| 250 | _aالطبعة الرابعة | ||
| 264 | 3 |
_aالإسكندرية : _bمطبعة أتحاد الجامعات، _c1956. |
|
| 300 |
_a616 صفحة ؛ _c24 سم. |
||
| 336 |
_2rda content _atext |
||
| 337 |
_2rda media _aComputer |
||
| 338 |
_2rda carrier _aOnline Resource |
||
| 546 | _aالنص باللغة العربية | ||
| 650 | 1 | 4 | _a قانون الإجراءات الجنائية |
| 650 | 1 | 4 | _aالقانون الجنائي |
| 856 | 4 | 0 | _uhttps://fll.law.cu.edu.eg/fulltext/bks/B10-05780.pdf |
| 905 |
_a77 _eHassnaa |
||
| 942 |
_2ddc _cBK _e21 _n0 |
||
| 999 |
_c47836 _d47836 |
||